| 000 | 01577nam0a2200349 4500 | ||
|---|---|---|---|
| 001 | RU\NLR\BIBL_A\022686535 | ||
| 005 | 20260412094810.0 | ||
| 010 | _a978-5-00269-130-2 | ||
| 035 | _a(NLR Aleph) 022686535 | ||
| 090 |
_a13653193 _c13653193 |
||
| 100 | _a20251212d2025 u y0rusy50 ca | ||
| 101 | 0 | _arus | |
| 102 | _aRU | ||
| 105 | _aac||z|||000yy | ||
| 181 | 0 |
_ai3 _baxxe |
|
| 182 | 0 | _an | |
| 200 | 1 |
_aКонтрразведка начинает и выигрывает _eвоспоминания сотрудников Второго Главного управления КГБ СССР _eсборник _fВалентин Мзареулов |
|
| 203 |
_aТекст _bвизуальный _cнепосредственный |
||
| 210 |
_aМосква _cРодина _d2025 |
||
| 215 |
_a496, [1] с. _cил., портр. _d21 |
||
| 225 | 1 | _aИскусство разведки | |
| 320 | _aБиблиогр. в подстроч. примеч. | ||
| 333 | _a16+ | ||
| 606 | 1 |
_aКонтрразведка советская _jВоспоминания, записки и т.п _xИстория _z1949 - 1991 _92368481 _3RU\NLR\AUTH\661413834 |
|
| 686 | 1 | _aЦ68,6(2)-1,013я43 | |
| 700 | 1 |
_aМзареулов _bВ. К. _gВалентин Константинович |
|
| 712 | 0 | 1 |
_4570 _aСССР _bКомитет государственной безопасности _bГлавное управление _c2 _92691685 _3RU\NLR\AUTH\880637060 |
| 942 | _cBOOK | ||
| 980 | _aNB | ||